000 00316nam a22001457a 4500
008 221020b ||||| |||| 00| 0 eng d
020 _a9780314053404
041 _aeng
080 _a72
082 _a72 HAR
100 _a19.1
101 _aART
245 _aINTERMEDIATE ACCOUNTING
_cHARTMAN B
942 _2udc
_cBK
999 _c58628
_d58628